=LDR 00000nam 2200000 4500 =001 INLIS000000001052446 =005 20240829014645 =035 ##$$a 0010-0824000264 =007 ta =008 240829################a##########j###### =020 ##$$a 978-89-6509-676-4 =082 ##$$a 028.55 =084 ##$$a 028.55 GUM b =100 #$$a Gumijin =245 1#$$a Bayi beruang yang serakah /$c Gumijin =260 ##$$a Gyeonggi-do :$b Tongkeun World =300 ##$$a 31 hlm. : $b ilus. ; $c 26 cm =600 #4$$a Bacaan kanak-kanak =990 ##$$a 18351835